Sports Quiz

Random Sports or WWE Quiz

D-Generation X Members Quiz Stats

 Plays Quiz Updated Oct 10, 2013

Support Sporcle.
Go Orange.
Score 0/10 Timer 06:00
1 Play Today
Years Member % Correct
1997-2011Triple H
98.8%
1997-2011Shawn Michaels
95.8%
1998-2001X-Pac
90.5%
1998-2001Road Dogg
86.7%
1998-2000Billy Gunn
85%
1997-1999Chyna
83.1%
1997Rick Rude
51.6%
1999-2001Stephanie McMahon-Helmsley
46.4%
1998Mike Tyson
37.4%
2000-2001Tori
34.2%

From the Vault

Beast's Powers

by Thebiguglyalien

Is 'being extremely blue' a power?
Remove Ads.
Support Sporcle.
Get the best of Sporcle when you Go Orange. This ad-free experience offers more features, more stats, and more fun while also helping to support Sporcle. Thank you for becoming a member.

Show Comments

Extras

Top Quizzes Today


Score Distribution

Your Account Isn't Verified!

In order to create a playlist on Sporcle, you need to verify the email address you used during registration. Go to your Sporcle Settings to finish the process.

Report this User

Report this user for behavior that violates our Community Guidelines.

Details: